Selected effects of new and current International guidance on accounting for insurers

Účtovníctvo a vykazovanie poisťovní podľa IFRS. Celosvetový prehľad subjektov, ktorých sa bude týkať IFRS 17. Aplikácia IFRS 4 na účtovanie a vykazovanie poistných zmlúv poisťovateľmi (poisťovňami). Vybrané efekty aplikácie IFRS 17 v porovnaní s IFRS 4.

Gespeichert in:
Bibliographische Detailangaben
1. Verfasser: Mokošová, Daša, 1979-
Format: Buchkapitel
Sprache:Slowakisch
Schlagworte:
Tags: Tag hinzufügen
Keine Tags, Fügen Sie das erste Tag hinzu!

MARC

LEADER 00000naa$a2200000$$$4500
001 0236201
005 20240502073824.0
041 0 |a slo 
044 |a SK 
245 1 0 |a Selected effects of new and current International guidance on accounting for insurers  |c Daša Mokošová 
520 |a Účtovníctvo a vykazovanie poisťovní podľa IFRS. Celosvetový prehľad subjektov, ktorých sa bude týkať IFRS 17. Aplikácia IFRS 4 na účtovanie a vykazovanie poistných zmlúv poisťovateľmi (poisťovňami). Vybrané efekty aplikácie IFRS 17 v porovnaní s IFRS 4. 
610 2 0 |a IFRS 
610 2 0 |a poisťovne 
610 2 0 |a poisťovatelia 
610 2 0 |a zmluvy poistné 
610 2 0 |a účtovanie 
610 2 0 |a výkazníctvo účtovné 
610 2 0 |a Slovensko 
100 1 |a Mokošová, Daša, 1979-